000
00339nam a2200145Ia 4500
008
150201s2012 xx 000 0 und d
082
_a
612.3
_b
F12B
100
_a
BANSAL, SHRINANDAN
245
_a
FOOSD AND NUTRITION
250
_a
2ND
260
_b
AITBS
_a
DELHI
_c
2012
300
_a
382
650
_a
NUTRITON & DIET
942
_2
ddc
_c
BK
_0
6
999
_c
2147
_d
2147